[Event "Hampstead op U2200 05"]
[Site "Hampstead"]
[Date "2013.05.18"]
[Round "1"]
[White "Springett, Michael"]
[Black "Moss, Guy"]
[Result "0-1"]
[WhiteElo "1490"]
[BlackElo "1982"]
[PlyCount "62"]
[EventDate "2013.05.18"]
[EventType "swiss"]
[EventRounds "5"]
[EventCountry "ENG"]
[SourceTitle "EXT 2014"]
[Source "ChessBase"]
[SourceDate "2013.11.20"]
[SourceVersion "1"]
[SourceVersionDate "2013.11.20"]
[SourceQuality "1"]

1. e4 c5 2. Nf3 d6 3. c3 Nf6 4. Be2 Nc6 5. d3 e6 6. 0-0 Be7 7. h3 0-0 8. Be3 Qc7 9. Nbd2 d5 10. exd5 exd5 11. d4 c4 12. Qc2 b5 13. a4 b4 14. Rac1 bxc3 15. bxc3 Rb8 16. Rb1 Bd7 17. Rfe1 Bd6 18. Nf1 Na5 19. Bg5 Ne4 20. Bh4 Bf5 21. Rxb8 Rxb8 22. Ne3 Be6 23. Rb1 Rxb1+ 24. Qxb1 Nxc3 25. Qb2 Nxe2+ 26. Qxe2 h6 27. Nc2 Nb3 28. Ne5 Bxe5 29. dxe5 d4 30. Na3 d3 31. Qe4 d2 0-1